000
00211nam a22000857a 4500
008
170208b xxu||||| |||| 00| 0 eng d
100
_9
2805
_a
Gilwell L.B.P
245
_a
Scuting for Boys
260
_a
New Delhi
_b
BS
_c
2009
999
_c
6020
_d
6020